Modern India / (Record no. 18507)

MARC details
000 -LEADER
fixed length control field 00765cam a2200253 i 4500
001 - CONTROL NUMBER
control field 1806765
003 - CONTROL NUMBER IDENTIFIER
control field BDDh-ASL
005 - DATE AND TIME OF LATEST TRANSACTION
control field 20231015025718.0
008 - FIXED-LENGTH DATA ELEMENTS--GENERAL INFORMATION
fixed length control field 790119s1971 ii ab 000 0 eng
010 ## - LIBRARY OF CONGRESS CONTROL NUMBER
LC control number 78911919
020 ## - INTERNATIONAL STANDARD BOOK NUMBER
Terms of availability Rs5.15
040 ## - CATALOGING SOURCE
Original cataloging agency DLC
Transcribing agency DLC
Modifying agency BDDh-ASL
043 ## - GEOGRAPHIC AREA CODE
Geographic area code a-ii---
050 00 - LIBRARY OF CONGRESS CALL NUMBER
Classification number DS463
Item number .C354
082 00 - DEWEY DECIMAL CLASSIFICATION NUMBER
Classification number 954
Item number CHM
100 1# - MAIN ENTRY--PERSONAL NAME
Personal name Chandra, Bipan.
245 10 - TITLE STATEMENT
Title Modern India /
Statement of responsibility, etc. by Bipan Chandra.
260 ## - PUBLICATION, DISTRIBUTION, ETC.
Place of publication, distribution, etc. New Delhi :
Name of publisher, distributor, etc. National Council of Educational Research and Training,
Date of publication, distribution, etc. 1971, 1976 printing.
300 ## - PHYSICAL DESCRIPTION
Extent 307 p. :
Other physical details ill., maps ;
Dimensions 24 cm.
651 #0 - SUBJECT ADDED ENTRY--GEOGRAPHIC NAME
Geographic name India
General subdivision History
Chronological subdivision British occupation, 1765-1947.
651 #0 - SUBJECT ADDED ENTRY--GEOGRAPHIC NAME
Geographic name India
General subdivision History
Chronological subdivision 1526-1765.
906 ## - LOCAL DATA ELEMENT F, LDF (RLIN)
a 7
b cbc
c orignew
d 4
e ncip
f 19
g y-gencatlg
942 ## - ADDED ENTRY ELEMENTS (KOHA)
Source of classification or shelving scheme Dewey Decimal Classification
Koha item type Books
Holdings
Withdrawn status Lost status Source of classification or shelving scheme Damaged status Not for loan Collection code Home library Current library Shelving location Date acquired Source of acquisition Total Checkouts Full call number Barcode Date last seen Copy number Price effective from Koha item type Public note
    Dewey Decimal Classification   Not For Loan Non-fiction Asiatic Society Library Asiatic Society Library Harrison Collection 10/12/2020 Donated by Prof. John B. Harrison   954 CHM 101699 10/12/2020 C-1 10/12/2020 Books RARE

Powered by Koha